[Event "Keeping up the momentum"]
[Site "SchemingMind.com"]
[Date "2014.11.10"]
[Round "-"]
[White "Clive Everill"]
[Black "Ulrich Klapp"]
[Result "0-1"]
[WhiteCountry "CZE"]
[BlackCountry "GER"]
[WhiteElo "1676"]
[WhiteRD "55"]
[BlackElo "1715"]
[BlackRD "106"]
[GameID "368728"]

1. e4 d5 2. exd5 Qxd5 3. Nc3 Qd6 4. d4 Nf6 5. Bd3 Bg4 6. Nge2 e6 7. O-O Be7 8. f3 Bh5 9. Bf4 Qd7 10. Nb5 Na6
11. a4 c6 12. Na3 O-O 13. c3 Rfc8 14. Ng3 Bg6 15. Bxg6 fxg6 16. Nc4 Qd5 17. Ne5 Bd6 18. c4 Qa5 19. Nxg6 Bxf4 20. Nxf4 e5
21. dxe5 Qxe5 22. Nd3 Qd4+ 23. Kh1 Re8 24. Qb3 Rab8 25. Rad1 Nc5 26. Nxc5 Qxc5 27. Qc3 Re3 28. Qd2 Rbe8 29. b3 Rxb3 30. Ne4 Nxe4
31. fxe4 Qh5 32. Qf4 Rb4 33. g4 Qg6 34. e5 b5 35. axb5 cxb5 36. Rd6 Rxc4 37. Qd2 Qxg4 38. Qd5+ Kh8 39. Qf7 Qe4+ 40. Kg1 Rcc8
41. Qxa7 Qxe5 42. Rd7 Rc6 43. Rdf7 Qg5+ 44. Kh1 h6 45. Qd7 Ree6 46. Rf8+ Kh7 47. Qd3+ Qg6 48. Qd8 Qe4+ 49. R8f3 Rf6 50. Qd3 Qxd3
51. Rxd3 Rxf1+
0-1

[Event "Keeping up the momentum"]
[Site "SchemingMind.com"]
[Date "2014.11.10"]
[Round "-"]
[White "Ulrich Klapp"]
[Black "Clive Everill"]
[Result "1-0"]
[WhiteCountry "GER"]
[BlackCountry "CZE"]
[WhiteElo "1715"]
[WhiteRD "106"]
[BlackElo "1676"]
[BlackRD "55"]
[GameID "368729"]

1. c4 Nf6 2. d4 c5 3. e3 g6 4. Ne2 Bg7 5. Nbc3 cxd4 6. Nxd4 a6 7. Be2 e5 8. Nb3 d6 9. e4 Nc6 10. Be3 Be6
11. O-O O-O 12. Qd3 Rc8 13. Rfd1 Ne8 14. Rac1 Nb4 15. Qd2 Bxc4 16. Bxc4 Rxc4 17. Bg5 f6 18. Bh4 g5 19. Bg3 Rf7 20. Qe3 Rfc7
21. Qb6 Qe7 22. Na5 Nxa2 23. Nd5 Rxc1 24. Nxe7+ Kf7 25. Qb3+ Kxe7 26. Rf1 Rxf1+ 27. Kxf1 Nc1 28. Qd5 b6 29. Nc6+ Kf8 30. Nd8 Rd7
31. Ne6+ Kg8 32. Qa8 Kf7 33. Nd8+ Ke7 34. Nc6+ Kf7 35. f3 Nd3 36. Qxa6 Nxb2 37. Qa2+ Kf8 38. Qxb2 h5 39. Bf2 d5 40. Bxb6 dxe4
41. Bc5+ Kg8 42. Ne7+ Kh7 43. Qb8 Nc7 44. Qg8+ Kh6 45. Nf5+ Kg6 46. Qc8 Rf7 47. Nd6 Re7 48. fxe4 Ne6 49. Nf5
1-0